[Event "TIPC 2019 Groupe A"]
[Site ""]
[Date "2019.07.27"]
[Round "1.23"]
[White "Verbist, Julien"]
[Black "Dauw, Sterre"]
[Result "1-0"]
[WhiteElo "1974"]
[BlackElo "2148"]

1. e4 {[%clk 01:30:55]} {[%emt 00:00:03]} c5 {[%clk 01:30:13]} {[%emt
00:00:48]} 2. Bc4 {[%clk 01:31:20]} {[%emt 00:00:05]} e6 {[%clk 01:30:29]}
{[%emt 00:00:13]} 3. Qe2 {[%clk 01:31:46]} {[%emt 00:00:05]} a6 {[%clk
01:30:39]} {[%emt 00:00:20]} 4. d3 {[%clk 01:32:05]} {[%emt 00:00:11]} b5
{[%clk 01:31:02]} {[%emt 00:00:06]} 5. Bb3 {[%clk 01:32:31]} {[%emt 00:00:04]}
Nc6 {[%clk 01:30:57]} {[%emt 00:00:36]} 6. c3 {[%clk 01:32:55]} {[%emt
00:00:06]} d6 {[%clk 01:28:40]} {[%emt 00:02:46]} 7. Nf3 {[%clk 01:33:19]}
{[%emt 00:00:07]} Nf6 {[%clk 01:28:56]} {[%emt 00:00:14]} 8. Nbd2 {[%clk
01:33:43]} {[%emt 00:00:06]} Be7 {[%clk 01:29:20]} {[%emt 00:00:05]} 9. Nf1
{[%clk 01:33:59]} {[%emt 00:00:15]} d5 {[%clk 01:24:31]} {[%emt 00:05:19]} 10.
Ng3 {[%clk 01:34:02]} {[%emt 00:00:27]} O-O {[%clk 01:24:51]} {[%emt 00:00:09]}
11. O-O {[%clk 01:34:25]} {[%emt 00:00:08]} Qc7 {[%clk 01:21:55]} {[%emt
00:03:26]} 12. Rd1 {[%clk 01:34:15]} {[%emt 00:00:40]} a5 {[%clk 01:15:53]}
{[%emt 00:06:33]} 13. Bg5 {[%clk 01:32:41]} {[%emt 00:02:03]} a4 {[%clk
01:13:57]} {[%emt 00:02:26]} 14. Bc2 {[%clk 01:30:49]} {[%emt 00:02:22]} a3
{[%clk 01:13:58]} {[%emt 00:00:29]} 15. b3 {[%clk 01:28:47]} {[%emt 00:02:32]}
h6 {[%clk 01:13:55]} {[%emt 00:00:33]} 16. Bd2 {[%clk 01:25:19]} {[%emt
00:03:58]} Re8 {[%clk 01:08:13]} {[%emt 00:06:13]} 17. Rac1 {[%clk 01:25:11]}
{[%emt 00:00:37]} Bf8 {[%clk 01:02:20]} {[%emt 00:06:22]} 18. e5 {[%clk
01:25:20]} {[%emt 00:00:25]} Nd7 {[%clk 01:01:58]} {[%emt 00:00:48]} 19. d4
{[%clk 01:25:44]} {[%emt 00:00:06]} Ba6 {[%clk 01:01:41]} {[%emt 00:00:47]} 20.
Qe3 {[%clk 01:24:17]} {[%emt 00:01:57]} Qb7 {[%clk 00:57:29]} {[%emt 00:04:42]}
21. Qf4 {[%clk 01:23:23]} {[%emt 00:01:25]} b4 {[%clk 00:56:37]} {[%emt
00:01:22]} 22. Qg4 {[%clk 01:13:06]} {[%emt 00:10:47]} Kh8 {[%clk 00:40:50]}
{[%emt 00:16:16]} 23. Ng5 {[%clk 01:09:18]} {[%emt 00:04:19]} Ndxe5 {[%clk
00:35:31]} {[%emt 00:05:49]} 24. dxe5 {[%clk 01:09:02]} {[%emt 00:00:45]} Nxe5
{[%clk 00:27:35]} {[%emt 00:08:26]} 25. Qh5 {[%clk 01:07:53]} {[%emt 00:01:40]}
g6 {[%clk 00:26:31]} {[%emt 00:01:34]} 26. Qh4 {[%clk 01:03:43]} {[%emt
00:04:39]} Kg8 {[%clk 00:20:00]} {[%emt 00:07:01]} 27. Nh3 {[%clk 01:03:08]}
{[%emt 00:01:05]} f5 {[%clk 00:13:28]} {[%emt 00:07:02]} 28. cxb4 {[%clk
00:59:47]} {[%emt 00:03:52]} g5 {[%clk 00:13:28]} {[%emt 00:00:29]} 29. Qh5
{[%clk 00:57:12]} {[%emt 00:03:05]} f4 {[%clk 00:11:53]} {[%emt 00:02:05]} 30.
Nxf4 {[%clk 00:57:29]} {[%emt 00:00:14]} gxf4 {[%clk 00:12:09]} {[%emt
00:00:14]} 31. Bxf4 {[%clk 00:57:54]} {[%emt 00:00:05]} Nc6 {[%clk 00:12:03]}
{[%emt 00:00:36]} 32. bxc5 {[%clk 00:56:50]} {[%emt 00:01:34]} Qg7 {[%clk
00:09:53]} {[%emt 00:02:39]} 33. Qh4 {[%clk 00:55:17]} {[%emt 00:02:03]} Nd4
{[%clk 00:07:30]} {[%emt 00:02:54]} 34. Bd3 {[%clk 00:51:57]} {[%emt 00:03:50]}
e5 {[%clk 00:05:28]} {[%emt 00:02:31]} 35. Be3 {[%clk 00:50:50]} {[%emt
00:01:37]} Be7 {[%clk 00:03:07]} {[%emt 00:02:51]} 36. Qh5 {[%clk 00:49:39]}
{[%emt 00:01:41]} Bg5 {[%clk 00:03:18]} {[%emt 00:00:20]} 37. Bxa6 {[%clk
00:49:38]} {[%emt 00:00:32]} Rf8 {[%clk 00:01:42]} {[%emt 00:02:05]} 38. Bxg5
{[%clk 00:47:13]} {[%emt 00:02:55]} hxg5 {[%clk 00:02:01]} {[%emt 00:00:11]} 39.
Bd3 {[%clk 00:45:12]} {[%emt 00:02:31]} Rf6 {[%clk 00:01:07]} {[%emt 00:01:25]}
40. Re1 {[%clk 00:42:37]} {[%emt 00:03:04]} e4 {[%clk 00:01:09]} {[%emt
00:00:28]} 41. Nxe4 {[%clk 00:41:26]} {[%emt 00:01:41]} dxe4 {[%clk 00:01:04]}
{[%emt 00:00:35]} 42. Bc4+ {[%clk 00:41:48]} {[%emt 00:00:07]} Kf8 {[%clk
00:30:09]} {[%emt 00:01:24]} 43. Rxe4 {[%clk 01:12:09]} {[%emt 00:00:10]} Rh6
{[%clk 00:28:50]} {[%emt 00:01:50]} 44. Qd1 {[%clk 01:10:01]} {[%emt 00:02:37]}
Rd8 {[%clk 00:28:47]} {[%emt 00:00:34]} 45. h3 {[%clk 01:03:08]} {[%emt
00:07:23]} Qf6 {[%clk 00:26:20]} {[%emt 00:02:56]} 46. Qf1 {[%clk 00:53:01]}
{[%emt 00:10:37]} Rh4 {[%clk 00:13:25]} {[%emt 00:13:25]} 47. Rxh4 {[%clk
00:49:13]} {[%emt 00:04:19]} gxh4 {[%clk 00:13:14]} {[%emt 00:00:41]} 48. Rd1
{[%clk 00:49:15]} {[%emt 00:00:28]} Qg5 {[%clk 00:10:46]} {[%emt 00:02:58]} 49.
Qd3 {[%clk 00:47:41]} {[%emt 00:02:04]} Qxc5 {[%clk 00:07:58]} {[%emt
00:03:18]} 50. Qe4 {[%clk 00:47:38]} {[%emt 00:00:32]} Qd6 {[%clk 00:07:50]}
{[%emt 00:00:39]} 51. Re1 {[%clk 00:47:28]} {[%emt 00:00:40]} Qf6 {[%clk
00:07:36]} {[%emt 00:00:43]} 52. Qg4 {[%clk 00:46:13]} {[%emt 00:01:46]} Re8
{[%clk 00:05:59]} {[%emt 00:02:07]} 53. Qg8# {[%clk 00:46:34]} {[%emt
00:00:09]} 1-0

[Event "TIPC 2019 Groupe A"]
[Site ""]
[Date "2019.07.27"]
[Round "1.22"]
[White "Lacroix, Bruno"]
[Black "Van Doren, Bas"]
[Result "1-0"]
[WhiteElo "2152"]
[BlackElo "1976"]


1. Nf3 {[%clk 01:30:56]} {[%emt 00:00:02]} Nf6 {[%clk 01:30:49]} {[%emt
00:00:11]} 2. d4 {[%clk 01:31:19]} {[%emt 00:00:07]} g6 {[%emt 00:00:10]} 3. c4
{[%clk 01:31:43]} {[%emt 00:00:04]} Bg7 {[%clk 01:31:35]} {[%emt 00:00:06]} 4.
e3 {[%clk 01:32:06]} {[%emt 00:00:07]} O-O {[%clk 01:31:14]} {[%emt 00:00:51]}
5. Be2 {[%emt 00:01:31]} c5 {[%clk 01:29:34]} {[%emt 00:00:44]} 6. d5 {[%emt
00:05:37]} d6 {[%emt 00:01:02]} 7. O-O {[%emt 00:01:21]} e6 {[%clk 01:23:01]}
{[%emt 00:01:05]} 8. Nc3 {[%emt 00:01:08]} exd5 {[%clk 01:22:25]} {[%emt
00:00:05]} 9. cxd5 {[%emt 00:01:18]} Bg4 {[%emt 00:03:23]} 10. h3 {[%clk
01:30:03]} {[%emt 00:00:16]} Bxf3 {[%clk 01:21:19]} {[%emt 00:00:28]} 11. Bxf3
{[%emt 00:00:33]} Nbd7 {[%emt 00:14:48]} 12. Rb1 {[%emt 00:08:36]} Re8 {[%emt
00:06:00]} 13. Bd2 {[%emt 00:11:43]} Re7 {[%emt 00:09:26]} 14. Qc2 {[%emt
00:04:14]} h5 {[%emt 00:02:10]} 15. e4 {[%emt 00:04:05]} a6 {[%emt 00:02:55]}
16. a4 {[%emt 00:00:57]} Rb8 {[%emt 00:04:32]} 17. Bf4 {[%emt 00:04:53]} Ne5
{[%clk 00:46:18]} {[%emt 00:01:09]} 18. Be2 {[%emt 00:09:14]} Qa5 {[%emt
00:17:35]} 19. Bd2 {[%emt 00:03:41]} Qb4 {[%clk 00:24:33]} {[%emt 00:00:31]} 20.
b3 Rbe8 {[%emt 00:16:59]} 21. Kh1 {[%emt 00:02:29]} Ned7 {[%emt 00:07:41]} 22.
f3 {[%emt 00:05:01]} Qb6 {[%emt 00:04:58]} 23. Bg5 {[%emt 00:01:02]} Re5 {[%emt
00:07:01]} 24. f4 {[%emt 00:01:50]} Nxe4 {[%emt 00:01:00]} 25. fxe5 {[%emt
00:00:07]} Nxg5 {[%emt 00:00:20]} 26. e6 {[%emt 00:02:21]} Ne5 {[%emt
00:05:12]} 27. h4 {[%emt 00:02:10]} Qb4 {[%emt 00:00:53]} 28. g3 {[%emt
00:06:31]} Nh7 {[%emt 00:05:52]} 29. Na2 {[%emt 00:00:35]} Qd4 {[%emt
00:02:25]} 30. Rbd1 {[%emt 00:00:14]} Qe3 {[%emt 00:00:06]} 31. exf7+ {[%clk
00:03:54]} {[%emt 00:00:24]} Nxf7 {[%emt 00:01:48]} 32. Bf3 {[%emt 00:02:28]}
Ne5 {[%emt 00:00:27]} 33. Rde1 {[%emt 00:02:43]} Qh6 {[%emt 00:00:37]} 34. Nc3
{[%emt 00:00:39]} g5 {[%emt 00:01:01]} 35. Be4 {[%clk 00:02:28]} {[%emt
00:00:09]} Nf6 36. Bf5 {[%emt 00:01:09]} gxh4 {[%emt 00:00:33]} 37. gxh4 {[%emt
00:00:39]} Nfg4 {[%emt 00:01:29]} 38. Be6+ {[%emt 00:00:08]} Kh8 {[%emt
00:00:53]} 39. Qe2 {[%emt 00:01:20]} Ng6 {[%emt 00:00:03]} 40. Ne4 {[%emt
00:00:35]} Nxh4 {[%emt 00:00:28]} 41. Nxd6 {[%emt 00:03:55]} 1-0

[Event "TIPC 2019 Groupe A"]
[Site ""]
[Date "2019.07.27"]
[Round "1.10"]
[White "Gijsen, Stief"]
[Black "Fischer, Julie"]
[Result "1-0"]
[BlackTitle "WFM"]
[WhiteElo "2227"]
[BlackElo "2050"]


1. e4 {[%clk 01:30:57]} {[%emt 00:01:44]} g6 {[%clk 01:30:56]} 2. d4 {[%clk
01:31:19]} Bg7 {[%clk 01:31:21]} 3. Nf3 {[%clk 01:31:12]} d6 {[%clk 01:31:12]}
4. Bc4 {[%clk 01:31:30]} Nf6 {[%clk 01:30:18]} 5. Qe2 {[%clk 01:31:12]} O-O
{[%clk 01:29:53]} 6. Bb3 {[%clk 01:25:03]} Bg4 {[%clk 01:28:06]} 7. Nbd2 {[%clk
01:21:09]} Nc6 {[%clk 01:20:04]} 8. c3 {[%clk 01:19:28]} e5 {[%clk 01:20:08]} 9.
d5 {[%clk 01:14:11]} Ne7 {[%clk 01:20:31]} 10. h3 {[%clk 01:14:25]} Bd7 {[%clk
01:16:23]} 11. g4 c6 {[%clk 01:14:13]} {[%emt 00:00:54]} 12. c4 {[%clk
01:01:50]} {[%emt 00:06:20]} cxd5 {[%clk 01:13:43]} {[%emt 00:01:00]} 13. cxd5
{[%clk 01:02:14]} {[%emt 00:00:06]} Rc8 {[%clk 01:12:57]} {[%emt 00:01:16]} 14.
Nc4 {[%clk 00:48:39]} {[%emt 00:14:05]} Ne8 {[%clk 01:07:45]} {[%emt 00:05:45]}
15. Bd2 {[%clk 00:47:24]} {[%emt 00:01:43]} Kh8 {[%clk 01:06:20]} {[%emt
00:01:54]} 16. Qe3 {[%clk 00:39:06]} {[%emt 00:08:48]} f5 {[%clk 00:55:37]}
{[%emt 00:11:15]} 17. gxf5 {[%clk 00:39:12]} {[%emt 00:00:23]} gxf5 {[%clk
00:55:58]} {[%emt 00:00:09]} 18. Qxa7 {[%clk 00:33:35]} {[%emt 00:06:05]} fxe4
{[%clk 00:52:17]} {[%emt 00:04:12]} 19. Ba5 {[%clk 00:32:05]} {[%emt 00:02:00]}
Ra8 {[%clk 00:46:33]} {[%emt 00:06:13]} 20. Bxd8 {[%clk 00:29:58]} {[%emt
00:02:39]} Rxa7 {[%clk 00:46:44]} {[%emt 00:00:18]} 21. Nfxe5 {[%clk 00:25:40]}
{[%emt 00:04:48]} dxe5 {[%clk 00:41:54]} {[%emt 00:05:20]} 22. Bxe7 {[%clk
00:25:51]} {[%emt 00:00:19]} Rf3 {[%clk 00:41:56]} {[%emt 00:00:28]} 23. O-O-O
{[%clk 00:22:00]} {[%emt 00:04:20]} b5 {[%clk 00:36:26]} {[%emt 00:06:00]} 24.
Nd2 {[%clk 00:17:07]} {[%emt 00:05:24]} Rc7+ {[%clk 00:26:50]} {[%emt
00:10:06]} 25. Kb1 {[%clk 00:17:10]} {[%emt 00:00:28]} Rxf2 {[%clk 00:19:43]}
{[%emt 00:07:36]} 26. d6 {[%clk 00:16:43]} {[%emt 00:00:57]} Rc8 {[%clk
00:16:21]} {[%emt 00:03:51]} 27. Nxe4 {[%clk 00:15:22]} {[%emt 00:01:51]} Rf4
{[%clk 00:09:01]} {[%emt 00:07:50]} 28. Rhe1 {[%clk 00:13:13]} {[%emt
00:02:39]} Nf6 {[%clk 00:03:15]} {[%emt 00:06:16]} 29. Ng5 {[%clk 00:09:20]}
{[%emt 00:04:23]} Bf5+ {[%clk 00:00:37]} {[%emt 00:03:08]} 30. Ka1 {[%clk
00:09:43]} {[%emt 00:00:07]} h6 {[%clk 00:00:33]} {[%emt 00:00:34]} 31. Ne6
{[%clk 00:08:14]} {[%emt 00:02:00]} Rf2 {[%clk 00:00:32]} {[%emt 00:00:31]} 32.
Nxg7 {[%clk 00:06:11]} {[%emt 00:02:33]} Kxg7 {[%clk 00:01:00]} {[%emt
00:00:02]} 33. Rg1+ {[%clk 00:06:36]} {[%emt 00:00:05]} Bg6 {[%clk 00:01:20]}
{[%emt 00:00:10]} 34. d7 {[%clk 00:06:48]} {[%emt 00:00:17]} Nxd7 {[%clk
00:01:21]} {[%emt 00:00:29]} 35. Rxd7 {[%clk 00:07:13]} {[%emt 00:00:05]} Rg2
{[%clk 00:01:25]} {[%emt 00:00:26]} 36. Bc5+ {[%clk 00:07:07]} {[%emt
00:00:36]} 1-0

[Event "TIPC 2019 Groupe A"]
[Site ""]
[Date "2019.07.27"]
[Round "1.26"]
[White "Werner, Ivan"]
[Black "Van Haelst, Raymond"]
[Result "1-0"]
[WhiteElo "2129"]
[BlackElo "1947"]

1. e4 {[%clk 01:30:58]} {[%emt 00:00:02]} Nf6 {[%clk 01:30:53]} {[%emt
00:00:07]} 2. Nc3 {[%clk 01:31:20]} {[%emt 00:00:07]} e5 {[%clk 01:31:12]}
{[%emt 00:00:12]} 3. Nf3 {[%clk 01:31:37]} {[%emt 00:00:14]} Bb4 {[%clk
01:31:14]} {[%emt 00:00:27]} 4. Bc4 {[%clk 01:30:01]} {[%emt 00:02:06]} Nc6
{[%clk 01:28:19]} {[%emt 00:03:25]} 5. Nd5 {[%clk 01:25:13]} {[%emt 00:05:17]}
Ba5 {[%clk 01:22:44]} {[%emt 00:06:05]} 6. c3 {[%clk 01:16:39]} {[%emt
00:09:05]} Nxe4 {[%clk 01:18:52]} {[%emt 00:04:22]} 7. Qe2 {[%clk 01:10:56]}
{[%emt 00:06:13]} Nd6 {[%clk 01:18:14]} {[%emt 00:01:08]} 8. Bb3 {[%clk
01:00:27]} {[%emt 00:10:59]} O-O {[%clk 01:17:17]} {[%emt 00:01:26]} 9. d3
{[%clk 00:59:43]} {[%emt 00:01:15]} Kh8 {[%clk 01:09:54]} {[%emt 00:07:51]} 10.
Ng5 {[%clk 00:57:20]} {[%emt 00:02:54]} g6 {[%clk 00:58:25]} {[%emt 00:12:01]}
11. h4 {[%clk 00:49:52]} {[%emt 00:07:55]} f6 {[%clk 00:56:05]} {[%emt
00:02:50]} 12. h5 {[%clk 00:49:07]} {[%emt 00:01:16]} Nd4 {[%clk 00:47:21]}
{[%emt 00:09:14]} 13. hxg6 {[%clk 00:47:37]} {[%emt 00:02:00]} Ne6 {[%clk
00:41:04]} {[%emt 00:06:50]} 14. Qh5 {[%clk 00:43:56]} {[%emt 00:04:08]} 1-0

[Event "TIPC 2019 Groupe A"]
[Site ""]
[Date "2019.07.27"]
[Round "1.11"]
[White "De Block, Fabio"]
[Black "De Waele, Warre"]
[Result "0-1"]
[BlackTitle "FM"]
[WhiteElo "2039"]
[BlackElo "2225"]


1. d4 {[%clk 01:30:57]} {[%emt 00:02:22]} Nf6 {[%clk 01:30:46]} 2. c4 {[%clk
01:31:18]} e6 {[%clk 01:30:11]} 3. Nc3 {[%clk 01:31:08]} Bb4 {[%clk 01:30:32]}
4. Qc2 {[%clk 01:31:27]} b6 {[%clk 01:28:16]} 5. Nf3 {[%clk 01:30:11]} Bb7
{[%clk 01:28:32]} 6. e3 {[%clk 01:28:57]} O-O {[%clk 01:20:00]} 7. Bd3 {[%clk
01:27:27]} d6 {[%clk 01:18:57]} 8. e4 {[%clk 01:25:15]} Bxc3+ {[%clk 01:07:54]}
9. bxc3 {[%clk 01:22:46]} e5 {[%clk 01:00:19]} 10. Bg5 {[%clk 01:18:56]} {[%emt
00:01:56]} Nbd7 {[%clk 00:59:00]} {[%emt 00:01:48]} 11. O-O {[%clk 01:17:57]}
{[%emt 00:01:29]} Re8 {[%clk 00:54:58]} {[%emt 00:04:33]} 12. Nd2 {[%clk
01:16:02]} {[%emt 00:02:25]} h6 {[%clk 00:55:03]} {[%emt 00:00:24]} 13. Bxf6
{[%clk 01:12:53]} {[%emt 00:03:39]} Qxf6 {[%clk 00:54:02]} {[%emt 00:01:31]} 14.
Nb3 {[%clk 01:12:07]} {[%emt 00:01:17]} Nf8 {[%clk 00:44:11]} {[%emt 00:10:21]}
15. d5 {[%clk 01:03:36]} {[%emt 00:09:01]} Ng6 {[%clk 00:42:35]} {[%emt
00:02:05]} 16. g3 {[%clk 01:03:19]} {[%emt 00:00:47]} Bc8 {[%clk 00:42:07]}
{[%emt 00:00:58]} 17. f3 {[%clk 00:58:18]} {[%emt 00:05:31]} Bh3 {[%clk
00:36:54]} {[%emt 00:05:42]} 18. Rf2 {[%clk 00:58:37]} {[%emt 00:00:12]} h5
{[%clk 00:35:46]} {[%emt 00:01:38]} 19. Bf1 {[%clk 00:58:20]} {[%emt 00:00:47]}
Bd7 {[%clk 00:35:36]} {[%emt 00:00:40]} 20. h4 {[%clk 00:54:30]} {[%emt
00:04:19]} Nh8 {[%clk 00:29:09]} {[%emt 00:06:58]} 21. Qd2 {[%clk 00:50:30]}
{[%emt 00:04:30]} Qg6 {[%clk 00:28:25]} {[%emt 00:01:14]} 22. Qg5 {[%clk
00:49:54]} {[%emt 00:01:06]} Qxg5 {[%clk 00:26:57]} {[%emt 00:01:58]} 23. hxg5
{[%clk 00:50:18]} {[%emt 00:00:06]} Rf8 {[%clk 00:24:34]} {[%emt 00:02:53]} 24.
f4 {[%clk 00:44:09]} {[%emt 00:06:40]} exf4 {[%clk 00:24:08]} {[%emt 00:00:55]}
25. gxf4 {[%clk 00:44:33]} {[%emt 00:00:06]} Rae8 {[%clk 00:24:33]} {[%emt
00:00:05]} 26. Re1 {[%clk 00:43:02]} {[%emt 00:02:01]} Re7 {[%clk 00:22:17]}
{[%emt 00:02:47]} 27. Bg2 {[%clk 00:37:14]} {[%emt 00:06:18]} Rfe8 {[%clk
00:21:19]} {[%emt 00:01:27]} 28. Nd4 {[%clk 00:33:13]} {[%emt 00:04:31]} Ng6
{[%clk 00:16:55]} {[%emt 00:04:54]} 29. Ref1 {[%clk 00:25:56]} {[%emt
00:07:48]} Nf8 {[%clk 00:16:29]} {[%emt 00:00:55]} 30. Kh2 {[%clk 00:15:54]}
{[%emt 00:10:32]} Nh7 {[%clk 00:16:31]} {[%emt 00:00:27]} 31. Kg3 {[%clk
00:10:34]} {[%emt 00:05:51]} g6 {[%clk 00:16:38]} {[%emt 00:00:22]} 32. Kh4
{[%clk 00:09:04]} {[%emt 00:02:01]} Kg7 {[%clk 00:10:30]} {[%emt 00:06:38]} 33.
f5 {[%clk 00:06:27]} {[%emt 00:03:07]} Kg8 {[%emt 00:02:30]} 34. Rf4 {[%clk
00:04:46]} f6 {[%clk 00:10:00]} {[%emt 00:01:12]} 35. gxf6 {[%clk 00:04:07]}
{[%emt 00:01:08]} g5+ {[%clk 00:10:20]} {[%emt 00:00:10]} 36. Kxh5 {[%clk
00:04:30]} {[%emt 00:00:07]} Nxf6+ {[%clk 00:09:45]} {[%emt 00:01:03]} 37. Kxg5
{[%clk 00:04:55]} {[%emt 00:00:07]} Rg7+ {[%clk 00:10:06]} {[%emt 00:00:10]} 38.
Kh4 {[%clk 00:04:32]} {[%emt 00:00:53]} Kf7 {[%clk 00:09:01]} {[%emt 00:01:33]}
39. Kh3 {[%clk 00:03:51]} {[%emt 00:01:13]} Rh8+ {[%clk 00:09:22]} {[%emt
00:00:08]} 40. Rh4 {[%clk 00:04:15]} {[%emt 00:00:06]} Rxh4+ {[%clk 00:09:48]}
{[%emt 00:00:05]} 41. Kxh4 {[%clk 00:04:38]} {[%emt 00:00:06]} Rxg2 {[%clk
00:10:13]} {[%emt 00:00:06]} 0-1